Detalles MARC
| 000 -LIDER |
| fixed length control field |
00898nam a22003017a 4500 |
| 001 - NÚMERO DE CONTROL |
| Identificador de número de control |
09937 |
| 003 - IDENTIFICACDOR DE NÚMERO DE CONTROL |
| control field |
DO-SdBNP |
| 005 - DATE AND TIME OF LATEST TRANSACTION |
| control field |
20231002114210.0 |
| 007 - CAMPOS FIJOS DE DESCRIPCIÓN FÍSICA |
| fixed length control field |
09937 |
| 008 - ELEMENTOS DE LONGITUD FIJA |
| fixed length control field |
880201s1993 sp spa |
| 016 7# - NO. DE CONTROL DE LA AGENCIA BIB. NACIONAL |
| Source |
BPMSU |
| 020 ## - ISBN |
| International Standard Book Number |
8474542758 |
| 040 ## - FUENTE DE CATALOGACIÓN |
| Agencia que crea de manera original el registro |
BPMSU |
| Idioma de catalogación |
spa |
| Agencia que realiza la transcripción |
BPMSU |
| 082 #4 - NÚMERO DE CLASIFICACIÓN DECIMAL DE DEWEY |
| Classification number |
I813.4 |
| Item number |
T969y 1983 |
| Edition number |
22 |
| 100 1# - ASIENTO PRINCIPAL -- NOMBRE PERSONAL |
| Nombre personal |
Twain, Mark |
| Fechas asociadas con el nombre |
1835-1910 |
| 245 10 - MENCIÓN DE TITULO |
| Título |
Un yanqui en la corte del rey Arturo / |
| Mención de responsabilidad |
Mark Twain ; traducción, Pedro Elías |
| 250 ## - MENCIÓN DE EDICION |
| Mención de edición |
|
| 260 1# - PUBLICACIÓN, DISTRIBUCIÓN, ETC. (PIE DE IMPRENTA) |
| Lugar de publicación, distribución, etc |
Barcelona : |
| Nombre del editor, distribuidor, etc. |
Mundo Actual de Ediciones, |
| Fecha de publicación, distribución, etc |
1983 |
| 300 ## - DESCRIPCIÓN FÍSICA |
| Extensión |
307 p.: |
| Dimensiones |
20 cm. |
| 500 ## - NOTA GENERAL |
| Nota general |
|
| 534 ## - NOTA SOBRE LA VERSIÓN ORIGINAL |
| Asiento principal del original |
Título original : |
| Mención del título original |
Connecticut yankee in King Arthur's court |
| 590 ## - NOTA LOCAL |
| Texto de la nota local |
Inventariado, 2023/VM |
| 650 #4 - ENCABEZAMIENTO DE MATERIA--TEMÁTICO |
| Término temático o nombre geográfico como elemento de entrada |
Novela juvenil estadounidense |
| 650 #4 - ENCABEZAMIENTO DE MATERIA--TEMÁTICO |
| Término temático o nombre geográfico como elemento de entrada |
Literatura estadounidense |
| 700 1# - ASIENTO SECUNDARIO -- NOMBRE PERSONAL |
| Nombre personal |
Elías, P. |
| Término de relación |
tr. |
| 910 ## - VALIDACIÓN |
| Validación |
VMateo V. Control de calidas BPMSU |
| 942 ## - ADDED ENTRY ELEMENTS (KOHA) |
| Source of classification or shelving scheme |
Dewey Decimal Classification |
| Koha item type |
Libros |